=LDR 00000nam 2200000 4500 =001 INLIS000000000022295 =005 20201211021757 =035 ##$$a 0010-061300000022295 =008 201211################g##########0#ind## =041 ##$$a Ind =082 ##$$a 331.7 =090 ##$$a 331.4, Par p =100 1#$$a Parimpunan =245 1#$$a Petunjuk melamar dan mancari pekerjaan yang berhasil /$c G.B.S Parimpunan =260 ##$$a Jakarta :$b Setia Kawan,$c 1995 =300 ##$$a v,184 hlm ; $c 20 x 14 cm =650 #4$$a Langkah-langkah medapatkan pekerjaan =850 ##$$a NBPNMAT =084 ##$$a 331.7 PAR p =250 ##$$a cet.1 =990 ##$$a 91.196/Pro-95 =990 ##$$a 00055234 =990 ##$$a 00046119